| 000 | 05086nam a2200433 a 4500 | ||
|---|---|---|---|
| 001 | 000012900 | ||
| 005 | 20240306073902.0 | ||
| 008 | 091117s2004 dr ac 000 0 spa d | ||
| 020 | _a9993498246 (v. 1) | ||
| 020 | _a9993498254 (v. 2) | ||
| 020 | _a9993498262 (v. 3) | ||
| 020 | _a9993498270 (v. 4) | ||
| 020 | _a9993486183 (v. 5) | ||
| 020 | _a9993486191 (v. 6) | ||
| 020 | _a8482616773 (v. 7) | ||
| 020 | _a8482616781 (v. 8) | ||
| 040 |
_aDO-SdBNP _bspa _cBNPHU |
||
| 082 |
_axxxx _bE77 |
||
| 100 | 1 |
_aIncháustegui, María Isabel _929568 |
|
| 245 | 0 | 0 |
_aEspañol : _beducación básica / _cMaría Isabel Incháustegui, Manuel García Cartagena; dirección editorial Obdulia García de Escobar ; ilustraciones Ruddy Núñez. |
| 260 |
_aSanto Domingo : _bSantillana, _c2004. |
||
| 300 |
_a8 v. : _bil., retrs. ; _c28 cm. |
||
| 490 | 1 | _aAmbar | |
| 500 | _aEducación básica | ||
| 500 | _aCada volumen trae una guía didáctica, cuaderno de español y ortografía. | ||
| 500 | _aLa biblioteca solamente posee, las guías de los volumenes 1, 3, 7, y los cuadernos de trabajo de los volumenes 1, 2, 3, 4, 6, 7 y 8. | ||
| 505 | 0 |
_av. 1 : _tBienvenido al colegio -- _gunidad 1 -- _tMaicito -- _gunidad 2 -- _tLos tres osos -- _gunidad 3 -- _tLeón y el ratón -- _gunidad 4 -- _tEl gato con botas -- _gunidad 5 -- _tEl gigante egoísta -- _gunidad 6 -- _tLa pintora Li-Chen -- _gunidad 7 -- _tEl agua de la vida -- _gunidad 8 -- _tEl castillo misterioso -- _gunidad 9 -- _tLa torre del rey -- _gunidad 10 -- _tEl dragón volador -- _gunidad 11 -- _tEl campesino y los chivos -- |
|
| 505 | 0 |
_av. 2 : _gunidad 1 -- _tNiñas y niños -- _gunidad 2 -- _tUn día de excursión -- _gunidad 3 -- _tEl sueño de Alfredo -- _gunidad 4 -- _tNos mudamos -- _gunidad 5 -- _tUn lío en la calle -- _gunidad 6 -- _tLlegó la navidad -- _gunidad 7 -- _tEl paletero del barrio -- _gunidad 8 -- _tVamos a Samaná -- _gunidad 9 -- _t¡A divertirse! -- _gunidad 10 -- _tMuchos oficios -- _gunidad 11 -- _t¿Qué vas a comprar? -- _gunidad 12 -- _tLa avenida del Puerto -- _gunidad 13 -- _tEn el fondo del mar -- _gunidad 14 -- _tEl campo y la ciudad -- |
|
| 505 | 0 |
_av. 3 : _gunidad 1 -- _tConocemos a Rita -- _gunidad 2 -- _tJueguemos en el garaje -- _gunidad 3 -- _tLa carrera de relevos -- _gunidad 4 -- _tCriadores de mariposas -- _gunidad 5 -- _tLlega la navidad -- _gunidad 6 -- _tNoticias de la tía Juanita -- _gunidad 7 -- _tUn experimento científico -- _gunidad 8 -- _tEl viejo telescopio -- _gunidad 9 -- _tHojas para un cuaderno -- _gunidad 10 -- _tUna planta curiosa -- _gunidad 11 -- _tVamos de excursión -- _gunidad 12 -- _tUna tarde de junio -- _tUsamos el diccionario -- |
|
| 505 | 0 |
_av. 4 : _gunidad 1 -- _t¿Qué ocurrió al final? -- _gunidad 2 -- _tRespetar a los seres vivos -- _gunidad 3 -- _tAlimentos ecológicos -- _gunidad 4 -- _tDominicano aquí y allá -- _gunidad 5 -- _tMás vale prevenir -- _gunidad 6 -- _tEl deporte es salud -- _gunidad 7 -- _tEn el aeropuerto -- _gunidad 8 -- _tDe pueblos y leyendas -- _gunidad 9 -- _tUn día de excursión -- _gunidad 10 -- _tdías de fiesta -- _gunidad 11 -- _tCuántos inventos -- _tProyectos -- |
|
| 505 | 0 |
_av. 5 : _gunidad 1 -- _tA contar cuentos populares -- _gunidad 2 -- _tResolución de conflictos -- _gunidad 3 -- _tA crear retahílas -- _gunidad 4 -- _tConservar las plantas -- _gunidad 5 -- _tAlegre navidad -- _gunidad 6 -- _tPropiedades de la materia -- _gunidad 7 -- _tRespetemos otras culturas -- _gunidad 8 -- _tLagos y montañas -- _gunidad 9 -- _tEl comercio -- _gunidad 10 -- _tLa industria -- _gunidad 11 -- _tEl trabajo del científico -- _tApéndices -- |
|
| 505 | 0 |
_av. 6 : _gunidad 1 -- _tUn cuento de miedo -- _gunidad 2 -- _tLas fábulas -- _gunidad 3 -- _tUna historia personal -- _gunidad 4 -- _tUn cuento popular -- _gunidad 5 -- _tUn cuento de navidad -- _gunidad 6 -- _tUn cuento fantástico -- _gunidad 7 -- _tLeyendas americanas -- _gunidad 8 -- _tValoremos la familia -- _gunidad 9 -- _tEl trabajo de exploración -- _gunidad 10 -- _tPor un mundo mejor -- _gunidad 11 -- _tUna historia antigua -- _tApéndices -- |
|
| 505 | 0 |
_av. 7 : _gunidad 1 -- _t¿Expresas lo que sientes? -- _gunidad 2 -- _t¿Conoces tu país? -- _gunidad 3 -- _t¿Qué puedes crear? -- _gunidad 4 -- _t¿Te preocupa tu planeta? -- _gunidad 5 -- _t¿Te gusta trabajar? -- _gunidad 6 -- _t¿Sabes vivir en sociedad? -- _gunidad 7 -- _t¿Cómo está el mundo? -- _gunidad 8 -- _t¿Cómo está tu salud? -- _gunidad 9 -- _t¿Conoces tus tradiciones? -- _gunidad 10 -- _t¿Ciencia o ficción? -- _gunidad 11 -- _t¿Resuelves tus problemas? -- |
|
| 505 | 0 |
_av. 8 : _gunidad 1 -- _t¿Vives lo que imaginas? -- _gunidad 2 -- _t¿Qué puedes crear? -- _gunidad 3 -- _t¿Cuentas con la ciencia? -- _gunidad 4 -- _t¿Eres saludable? -- _gunidad 5 -- _t¿Eres un ángel? -- _gunidad 6 -- _t¿De dónde es tu corazón? -- _gunidad 7 -- _t¿Eres feliz? -- _gunidad 8 -- _t¿Cómo te diviertes? -- _gunidad 9 -- _t¿Conoces tu planeta? -- _gunidad 10 -- _t¿Cuidas tu entorno? -- _gunidad 11 -- _t¿Sabes quién eres? -- |
|
| 700 | 1 |
_aGarcía Cartagena, Manuel _912067 |
|
| 700 | 1 |
_aGarcía Escobar, Obdulia de _edir. ed. _929220 |
|
| 700 | 1 |
_aNúñez, Ruddy, _eil. _923171 |
|
| 830 | 0 |
_aAmbar _96599 |
|
| 999 |
_c12548 _d12548 |
||